000 00361pam a2200157a 44500
008 230515b2009 xxu||||| |||| 00| 0 eng d
020 _aNULL
041 _aMARATHI
082 _a830/PAT
100 _aPATIL SUBASH B.
245 _aRAYATACHA NANDDAEEP SAMAJBHUSHAN BALKU ANNA
250 _a3
260 _aNULL
_bNA
_c2009
300 _a270
650 _aNULL
999 _c640945
_d640945